Godzilla Monsters - Statistics

General Stats
  • This quiz has been taken 97 times
  • The average score is 23 of 33
Answer Stats
Hint Answer % Correct
Godzilla's most powerful form Burning Godzilla
100%
The King of the monsters Godzilla
100%
Heisei version of Godzilla's son Godzilla jr
100%
Godzilla's clone from space Space Godzilla
100%
Giant Ape King Kong
99%
Godzilla's mechanical copy Mechagodzilla
94%
Ghidorah's mechanical form Mecha King Ghidorah
94%
Golden three headed dragon King Ghidorah
93%
Guardian moth Mothra
93%
Rodan's strongest form Fire Rodan
91%
Giant Pteranodon Rodan
91%
Giant cyborg space dinosaur Gigan
83%
King Ghidorah's final wars counterpart Keizer Ghidorah
78%
Show version of Godzilla's son Minilla
71%
The worst Godzilla Zilla
71%
Giant beetle with drill hands Megalon
70%
Godzilla's best freind Anguirus
68%
Large dinosaur Gorosaurus
68%
Robot that can change it's size Jet Jaguar
67%
Red aquatic dinosaur with powerful fin tail Titanosaurus
67%
Trilobite like creature mutated by the oxygen destroyer Destoroyah
64%
Giant spider Kumonga
64%
Sea serpant Manda
62%
Large insect like parisites M.U.T.O
62%
Giant sloth and mammoth mix Behemoth
61%
Giant mantis Kamacuras
55%
Rebuilt mechanical original Godzilla Kiryu
55%
The species Godzilla is in the Heisei series Godzillasaurus
45%
Bumpy, green, creature that can electrocute monsters Gabara
42%
Giant mutating alien Orga
41%
Stronger red version of Gigan Gigan Rex
36%
Giant flying reptile Varan
30%
Godzilla's Nephew Godzooky
22%
No matching quizzes found
Score Distribution
Percent of People with Each Score
Percentile by Number Answered
Your Score History
You have not taken this quiz